00283nam a2200133Ia 45000030006000000080041000060400015000471000016000622450018000782500015000962600009001115460012001200050017001320STCL150530s9999 xx 000 0 und d aSTCLcSTCL aOscar Wilde aIdeal husband aEighteenth c1928 aEnglish20220125171013.0